000 00524nam a2200181 a 4500
001 000012212
005 20240412074230.0
008 091106s1990 dr 000 0 spa d
040 _aDO-SdBNP
_bspa
_cBNPHU
082 _aRD861.44
_bC352p
100 1 _aCastillo Juan, Pedro,
_d1950-
_910799
245 1 0 _aPensando en Dios /
_cPedro Castillo Juan.
260 _aSanto Domingo :
_bGuerrero,
_c1990.
300 _a37 p. ;
_c21 cm.
650 4 _aPoesía religiosa
_922994
650 0 _aLiteratura dominicana.
_967
049 _aBNPD
999 _c11877
_d11877